Drapeaux des pays d'Amérique du Sud - Statistiques

Statistiques générales
  • Ce quiz a été pris 354 fois
  • Le résultat moyen est 10 sur 12
Statistiques - réponses
Par images Réponse % Correct
Argentine
100%
Brésil
100%
Chili
92%
Uruguay
92%
Colombie
91%
Venezuela
90%
Equateur
87%
Pérou
84%
Paraguay
83%
Bolivie
77%
Suriname
76%
Guyana
72%
Aucun quiz correspondant
Distribution des résultats
% des personnes avec chaque résultat
Percentile par nombre de réponses
Votre historique - résultats
Vous n’avez pas pris ce quiz